La vida cotidiana en Pompeya / (Record no. 61138)

MARC details
000 -LEADER
campo de control de longitud fija 01331nam a2200277 i 4500
001 - NÚMERO DE CONTROL
campo de control 61138
003 - IDENTIFICADOR DE NÚMERO DE CONTROL
campo de control ES-MaACL
005 - FECHA Y HORA DE LA ÚLTIMA TRANSACCIÓN
campo de control 20250815020641.0
007 - CAMPO FIJO DE DESCRIPCIÓN FÍSICA--INFORMACIÓN GENERAL
campo de control de longitud fija t|
008 - DATOS DE LONGITUD FIJA--INFORMACIÓN GENERAL
campo de control de longitud fija 031110s1970 sp ae ||||1| spa d
080 ## - NÚMERO DE LA CLASIFICACIÓN DECIMAL UNIVERSAL
Número de la Clasificación Decimal Universal 39(377 Pompeya)
080 ## - NÚMERO DE LA CLASIFICACIÓN DECIMAL UNIVERSAL
Número de la Clasificación Decimal Universal 308(377 Pompeya)
100 1# - ENTRADA PRINCIPAL--NOMBRE DE PERSONA
Nombre de persona Etienne, Robert.
9 (RLIN) 48289
245 13 - MENCIÓN DEL TÍTULO
Título La vida cotidiana en Pompeya /
Mención de responsabilidad, etc. Robert Etienne ; traducción, José Antonio Míguez ; con dos notas de A. García y Bellido.
260 ## - PUBLICACIÓN, DISTRIBUCIÓN, ETC.
Lugar de publicación, distribución, etc. [Madrid] :
Nombre del editor, distribuidor, etc. Aguilar,
Fecha de publicación, distribución, etc. [1970]
300 ## - DESCRIPCIÓN FÍSICA
Extensión XIV, 397 p., [1] h. de plano :
Otras características físicas il. ;
Dimensiones 21 cm.
490 1# - MENCIÓN DE SERIE
Mención de serie Biblioteca de cultura e historia
505 8# - NOTA DE CONTENIDO CON FORMATO
Nota de contenido con formato Contiene: Catástrofe y resurrecciones ; Actividades y hombres: el peso del pasado, fiebre electoral ; El mundo de los negocios ; El mundo del trabajo ; Presencia de lo sagrado ; Placeres y juegos: casas y jardines, el universo de la pintura pompeyana, calles de los vivos, calles de los muertos ; Educación y cultura ; Deporte y ocio
651 #4 - PUNTO DE ACCESO ADICIONAL DE MATERIA--NOMBRE GEOGRÁFICO
Nombre geográfico Pompeya (Ciudad desaparecida)-
Subdivisión general Usos y costumbres.
9 (RLIN) 173242
651 #4 - PUNTO DE ACCESO ADICIONAL DE MATERIA--NOMBRE GEOGRÁFICO
Nombre geográfico Pompeya (Ciudad desaparecida)-
Subdivisión general Situación social.
9 (RLIN) 173234
700 1# - ENTRADA AGREGADA--NOMBRE PERSONAL
Nombre de persona Míguez, José Antonio.
9 (RLIN) 81053
700 1# - ENTRADA AGREGADA--NOMBRE PERSONAL
Nombre de persona García y Bellido, Antonio.
9 (RLIN) 55426
830 10 - PUNTO DE ACCESO ADICIONAL DE SERIE-TÍTULO UNIFORME
Título uniforme Biblioteca cultura e historia
9 (RLIN) 183279
852 ## - LOCALIZACIÓN
Ubicación ES-MaACL
Número de control de estantería C-38789
Holdings
Estatus retirado Estado de pérdida Estado de daño No para préstamo Biblioteca de origen Biblioteca actual Ubicación en estantería Fecha de adquisición Fuente de adquisición Total de préstamos Signatura topográfica completa Código de barras Visto por última vez Precio de reemplazo Tipo de ítem Koha
        Biblioteca del Ateneo de Madrid Biblioteca del Ateneo de Madrid Depósito 2 17/01/2008     C-38789 1064112 23/02/2023 23/02/2023 Libro impreso